000 00932cab a2200289 4500
001 WB3424-11
008 090401t1998 xxu||||| |||| 00| 0 eng d
035 _a(Sirsi) u86968
041 _aeng
245 _aWater companies face tougher river curbs
260 _c1998
350 _a0
490 _aFinancial Times
_v20 June 1998, 5(1)
520 _aThe environment minister has announced the introduction of tougher curbs on water abstraction from rivers to protect wildlife and the environment. Licences issued to water companies, industry and farmers may have time limits introduced.
650 _aENVIRONMENTAL DAMAGE
650 _aFARMERS
650 _aINDUSTRY
650 _aLICENCES
650 _aRIVERS
650 _aTIME LIMITS
650 _aWATER ABSTRACTION
650 _aWATER COMPANIES
650 _aWILDLIFE
690 _aENVIRONMENTAL AND LAND CONSULTANCY
942 _n0
948 _c23/06/1998
999 _c54772
_d54772